Bankim Chandra Chattopadhyay: an intellectual biography (Record no. 6274)

MARC details
000 -LEADER
fixed length control field 00422nam a2200145Ia 4500
020 ## - INTERNATIONAL STANDARD BOOK NUMBER
ISBN 9780195695038
082 ## - DEWEY DECIMAL CLASSIFICATION NUMBER
Classification number RR 923.254 SEN-B
100 ## - MAIN ENTRY--AUTHOR NAME
Personal name Sen, Amiya P.
245 #0 - TITLE STATEMENT
Title Bankim Chandra Chattopadhyay: an intellectual biography
260 ## - PUBLICATION, DISTRIBUTION, ETC. (IMPRINT)
Place of publication New Delhi
Name of publisher Oxford University Press
Year of publication 2008
300 ## - PHYSICAL DESCRIPTION
Number of Pages x, 133
504 ## - BIBLIOGRAPHY, ETC. NOTE
Bibliography, etc includes appendices
650 ## - SUBJECT ADDED ENTRY--TOPICAL TERM
Topical Term Chattopadhyay, Bankim Chandra (1838-1894)
Form subdivision Biography
942 ## - ADDED ENTRY ELEMENTS (KOHA)
Koha item type Books
Holdings
Withdrawn status Lost status Damaged status Not for loan Home library Current library Date acquired Source of acquisition Bill Date Full call number Accession Number Price effective from Koha item type
        NASSDOC Library NASSDOC Library 18/11/2008 BSB 2008-09-10 RR 923.254 SEN-B 44758 18/04/2019 Books